Neuroanatomía clínica y neurociencia
Saved in:
| Main Authors: | , |
|---|---|
| Andre forfattere: | |
| Format: | Bog |
| Sprog: | spansk |
| Udgivet: |
Barcelona
Elsevier España S. L
2012
|
| Udgivelse: | 6a. ed |
| Fag: | |
| Tags: |
Tilføj Tag
Ingen Tags, Vær først til at tagge denne postø!
|
MARC
| LEADER | 00000cam a2200000 a 4500 | ||
|---|---|---|---|
| 001 | UCE1776 | ||
| 003 | CL-VaPUC | ||
| 008 | 140519e20120000sp |||||||||||||||||spa|d | ||
| 020 | |a 9788480869652 | ||
| 082 | 0 | 4 | |a 611.8 |b TUR |2 21 |
| 100 | 0 | |a Turlough Fitzgerald, M. J |e author |9 574156 | |
| 700 | 0 | |a Gruener, Gregory |e author |9 574157 | |
| 700 | |a Mtui, Estomih |e autor |9 596367 | ||
| 245 | 1 | 0 | |a Neuroanatomía clínica y neurociencia |
| 250 | |a 6a. ed | ||
| 300 | |a 418 p | ||
| 942 | |c BK | ||
| 945 | |d 20140519 10:12:00 |a dcastane | ||
| 260 | |a Barcelona |b Elsevier España S. L |c 2012 | ||
| 650 | 0 | |a Anatomía |9 261202 | |
| 650 | 0 | |a Sistema nervioso |9 266815 | |
| 650 | 0 | |a Neuronas |9 369351 | |
| 650 | 7 | |a CEREBRO HUMANO |2 CL-VaPUC |9 574159 | |
| 650 | 7 | |a NEUROFISIOLOGIA |2 CL-VaPUC |9 574160 | |
| 583 | |a last modification |c 20140519 10:12:00 |k Rodrigo Vera | ||
| 999 | |c 355474 |d 355472 | ||
| 952 | |0 0 |1 0 |3 erb |4 0 |6 611_800000000000000_TUR_2012 |7 0 |8 R |9 462219 |a BIBEDU |b BIBEDU |c MCIRC |i 507861K |l 1 |o 611.8 TUR 2012 |p 507861K |r 2023-01-13 |s 2022-05-31 |w 2019-11-23 |y BK_R |z Catalogado en:20140519 |k PSI | ||
| 952 | |0 0 |1 0 |3 erb |4 0 |6 611_800000000000000_TUR_2012 |7 0 |8 R |9 462220 |a BIBEDU |b BIBEDU |c MCIRC |i 5078601 |o 611.8 TUR 2012 |p 5078601 |r 2023-01-13 |w 2019-11-23 |y BK_R |z Catalogado en:20140519 |k PSI | ||